<?xml version="1.0" encoding="UTF-8"?>
<record
    xmlns:xsi="http://www.w3.org/2001/XMLSchema-instance"
    xsi:schemaLocation="http://www.loc.gov/MARC21/slim http://www.loc.gov/standards/marcxml/schema/MARC21slim.xsd"
    xmlns="http://www.loc.gov/MARC21/slim">

  <leader>02331    a2200229   4500</leader>
  <controlfield tag="001">42789</controlfield>
  <controlfield tag="005">20260407155714.0</controlfield>
  <controlfield tag="008">260407a2009    arg                 spa d</controlfield>
  <controlfield tag="003">AR-UNSa-BCEJYS</controlfield>
  <datafield tag="040" ind1=" " ind2=" ">
    <subfield code="a">AR-UNSa-BCEJYS</subfield>
    <subfield code="b">spa</subfield>
    <subfield code="c">AR-UNSa-BCEJYS</subfield>
  </datafield>
  <datafield tag="080" ind1=" " ind2=" ">
    <subfield code="a">336.226.1</subfield>
    <subfield code="x">Impuestos a las ganancias o los beneficios (Impuesto Diferido)</subfield>
  </datafield>
  <datafield tag="245" ind1="1" ind2="0">
    <subfield code="a">Ganancias. Ganancia m&#xED;nima presunta. Bienes personales</subfield>
    <subfield code="p">Transferencia de inmuebles. Contribuci&#xF3;n especial sobre el capital de las cooperativas</subfield>
  </datafield>
  <datafield tag="264" ind1=" " ind2="1">
    <subfield code="a">Buenos Aires :</subfield>
    <subfield code="b">Errepar</subfield>
    <subfield code="c">2009</subfield>
  </datafield>
  <datafield tag="300" ind1=" " ind2=" ">
    <subfield code="a">334 p.</subfield>
    <subfield code="c">27 cm.</subfield>
  </datafield>
  <datafield tag="505" ind1=" " ind2=" ">
    <subfield code="a">I. IMPUESTO A LAS GANANCIAS: 1. Leyes nacionales - 2. Decretos nacionales - 3. Resoluciones generales (DGI) - 4. Resoluciones generales (AFIP) - 5. Notas externas (AFIP) - II. IMPUESTO SOBRE LA TRANSFERENCIA DE INMUEBLES DE PERSONAS F&#xCD;SICAS Y SUCESIONES INDIVISAS: 1. Leyes nacionales - 2. Resoluciones generales (AFIP) - III. SELECCI&#xD3;N DE JURISPRUDENCIA B&#xC1;SICA: Impuesto a las ganancias: 1. Jurisprudencia judicial. &#xCD;ndice alfab&#xE9;tico de partes - 2. Jurisprudencia administrativa. &#xCD;ndice num&#xE9;rico - IV. IMPUESTO A LA GANANCIA M&#xCD;NIMA PRESUNTA: 1. Leyes nacionales - 2. Decretos nacionales - 3. Resoluciones generales (AFIP) - 4. Notas externas (AFIP) - V. SELECCI&#xD3;N DE JURISPRUDENCIA B&#xC1;SICA: Impuesto a la ganancia m&#xED;nima presunta: 1. Jurisprudencia judicial. &#xCD;ndice alfab&#xE9;tico de partes - 2. Jurisprudencia administrativa. &#xCD;ndice num&#xE9;rico - VI. IMPUESTO SOBRE LOS BIENES PERSONALES: 1. Leyes  nacionales - 2. Decretos nacionales - 3. Resoluciones generales (AFIP) - 4. Notas externas (AFIP) - VII. SELECCI&#xD3;N DE JURISPRUDENCIA B&#xC1;SICA: Impuesto sobre los bienes personales: 1. Jurisprudencia judicial. &#xCD;ndice alfab&#xE9;tico de partes - 2. Jurisprudencia administrativa. &#xCD;ndice num&#xE9;rico - VIII. CAPITAL DE COOPERATIVAS: 1. Leyes nacionales - 2. Decretos nacionales - 3. Resoluciones generales (AFIP) - IX. SELECCI&#xD3;N DE JURISPRUDENCIA B&#xC1;SICA: Capital de cooperativas: 1. Jurisprudencia judicial. &#xCD;ndice alfab&#xE9;tico de partes - 2. Jurisprudencia administrativa. &#xCD;ndice num&#xE9;rico - X. PROCEDIMIENTO FISCAL: 1. Leyes nacionales.</subfield>
  </datafield>
  <datafield tag="041" ind1=" " ind2=" ">
    <subfield code="a">spa</subfield>
  </datafield>
  <datafield tag="942" ind1=" " ind2=" ">
    <subfield code="c">BK</subfield>
  </datafield>
  <datafield tag="590" ind1=" " ind2=" ">
    <subfield code="a">niveau_biblio:m niveau_hierar:0</subfield>
  </datafield>
  <datafield tag="100" ind1="1" ind2=" ">
    <subfield code="a">Errecaborde, Jos&#xE9; Daniel</subfield>
  </datafield>
  <datafield tag="700" ind1="1" ind2=" ">
    <subfield code="a">Parada, Ricardo Antonio</subfield>
  </datafield>
  <datafield tag="700" ind1="1" ind2=" ">
    <subfield code="a">Ca&#xF1;ada, Francisco Roberto</subfield>
  </datafield>
  <datafield tag="999" ind1=" " ind2=" ">
    <subfield code="c">3643</subfield>
    <subfield code="d">3643</subfield>
  </datafield>
  <datafield tag="952" ind1=" " ind2=" ">
    <subfield code="0">0</subfield>
    <subfield code="1">0</subfield>
    <subfield code="4">0</subfield>
    <subfield code="7">0</subfield>
    <subfield code="a">BCEJYS</subfield>
    <subfield code="b">BCEJYS</subfield>
    <subfield code="c">16</subfield>
    <subfield code="d">2026-04-07</subfield>
    <subfield code="l">0</subfield>
    <subfield code="o">336.226.1 P222 v1.5</subfield>
    <subfield code="p">L117422</subfield>
    <subfield code="r">2026-04-07 15:57:14</subfield>
    <subfield code="w">2026-04-07</subfield>
    <subfield code="y">L</subfield>
  </datafield>
  <datafield tag="952" ind1=" " ind2=" ">
    <subfield code="0">0</subfield>
    <subfield code="1">0</subfield>
    <subfield code="4">0</subfield>
    <subfield code="7">0</subfield>
    <subfield code="a">BCEJYS</subfield>
    <subfield code="b">BCEJYS</subfield>
    <subfield code="c">16</subfield>
    <subfield code="d">2026-04-07</subfield>
    <subfield code="l">0</subfield>
    <subfield code="o">336.226.1 P222 v1.5</subfield>
    <subfield code="p">L117429</subfield>
    <subfield code="r">2026-04-07 15:57:14</subfield>
    <subfield code="w">2026-04-07</subfield>
    <subfield code="y">L</subfield>
  </datafield>
  <datafield tag="952" ind1=" " ind2=" ">
    <subfield code="0">0</subfield>
    <subfield code="1">0</subfield>
    <subfield code="4">0</subfield>
    <subfield code="7">0</subfield>
    <subfield code="a">BCEJYS</subfield>
    <subfield code="b">BCEJYS</subfield>
    <subfield code="c">16</subfield>
    <subfield code="d">2026-04-07</subfield>
    <subfield code="l">0</subfield>
    <subfield code="o">336.226.1 P222 v1.5</subfield>
    <subfield code="p">L117425</subfield>
    <subfield code="r">2026-04-07 15:57:14</subfield>
    <subfield code="w">2026-04-07</subfield>
    <subfield code="y">L</subfield>
  </datafield>
  <datafield tag="952" ind1=" " ind2=" ">
    <subfield code="0">0</subfield>
    <subfield code="1">0</subfield>
    <subfield code="4">0</subfield>
    <subfield code="7">0</subfield>
    <subfield code="a">BCEJYS</subfield>
    <subfield code="b">BCEJYS</subfield>
    <subfield code="c">16</subfield>
    <subfield code="d">2026-04-07</subfield>
    <subfield code="l">0</subfield>
    <subfield code="o">336.226.1 P222 v1.5</subfield>
    <subfield code="p">L117423</subfield>
    <subfield code="r">2026-04-07 15:57:14</subfield>
    <subfield code="w">2026-04-07</subfield>
    <subfield code="y">L</subfield>
  </datafield>
  <datafield tag="952" ind1=" " ind2=" ">
    <subfield code="0">0</subfield>
    <subfield code="1">0</subfield>
    <subfield code="4">0</subfield>
    <subfield code="7">0</subfield>
    <subfield code="a">BCEJYS</subfield>
    <subfield code="b">BCEJYS</subfield>
    <subfield code="c">16</subfield>
    <subfield code="d">2026-04-07</subfield>
    <subfield code="l">0</subfield>
    <subfield code="o">336.226.1 P222 v1.5</subfield>
    <subfield code="p">L117428</subfield>
    <subfield code="r">2026-04-07 15:57:14</subfield>
    <subfield code="w">2026-04-07</subfield>
    <subfield code="y">L</subfield>
  </datafield>
  <datafield tag="952" ind1=" " ind2=" ">
    <subfield code="0">0</subfield>
    <subfield code="1">0</subfield>
    <subfield code="4">0</subfield>
    <subfield code="7">0</subfield>
    <subfield code="a">BCEJYS</subfield>
    <subfield code="b">BCEJYS</subfield>
    <subfield code="c">16</subfield>
    <subfield code="d">2026-04-07</subfield>
    <subfield code="l">0</subfield>
    <subfield code="o">336.226.1 P222 v1.5</subfield>
    <subfield code="p">L117424</subfield>
    <subfield code="r">2026-04-07 15:57:14</subfield>
    <subfield code="w">2026-04-07</subfield>
    <subfield code="y">L</subfield>
  </datafield>
  <datafield tag="952" ind1=" " ind2=" ">
    <subfield code="0">0</subfield>
    <subfield code="1">0</subfield>
    <subfield code="4">0</subfield>
    <subfield code="7">0</subfield>
    <subfield code="a">BCEJYS</subfield>
    <subfield code="b">BCEJYS</subfield>
    <subfield code="c">16</subfield>
    <subfield code="d">2026-04-07</subfield>
    <subfield code="l">0</subfield>
    <subfield code="o">336.226.1 P222 v1.5</subfield>
    <subfield code="p">L117427</subfield>
    <subfield code="r">2026-04-07 15:57:14</subfield>
    <subfield code="w">2026-04-07</subfield>
    <subfield code="y">L</subfield>
  </datafield>
  <datafield tag="952" ind1=" " ind2=" ">
    <subfield code="0">0</subfield>
    <subfield code="1">0</subfield>
    <subfield code="4">0</subfield>
    <subfield code="7">0</subfield>
    <subfield code="a">BCEJYS</subfield>
    <subfield code="b">BCEJYS</subfield>
    <subfield code="c">16</subfield>
    <subfield code="d">2026-04-07</subfield>
    <subfield code="l">0</subfield>
    <subfield code="o">336.226.1 P222 v1.5</subfield>
    <subfield code="p">L117421</subfield>
    <subfield code="r">2026-04-07 15:57:14</subfield>
    <subfield code="w">2026-04-07</subfield>
    <subfield code="y">L</subfield>
  </datafield>
  <datafield tag="952" ind1=" " ind2=" ">
    <subfield code="0">0</subfield>
    <subfield code="1">0</subfield>
    <subfield code="4">0</subfield>
    <subfield code="7">0</subfield>
    <subfield code="a">BCEJYS</subfield>
    <subfield code="b">BCEJYS</subfield>
    <subfield code="c">16</subfield>
    <subfield code="d">2026-04-07</subfield>
    <subfield code="l">0</subfield>
    <subfield code="o">336.226.1 P222 v1.5</subfield>
    <subfield code="p">L117426</subfield>
    <subfield code="r">2026-04-07 15:57:14</subfield>
    <subfield code="w">2026-04-07</subfield>
    <subfield code="y">L</subfield>
  </datafield>
  <datafield tag="952" ind1=" " ind2=" ">
    <subfield code="0">0</subfield>
    <subfield code="1">0</subfield>
    <subfield code="4">0</subfield>
    <subfield code="7">0</subfield>
    <subfield code="a">BCEJYS</subfield>
    <subfield code="b">BCEJYS</subfield>
    <subfield code="c">16</subfield>
    <subfield code="d">2026-04-07</subfield>
    <subfield code="l">0</subfield>
    <subfield code="o">336.226.1 P222 v1.5</subfield>
    <subfield code="p">L117420</subfield>
    <subfield code="r">2026-04-07 15:57:14</subfield>
    <subfield code="w">2026-04-07</subfield>
    <subfield code="y">L</subfield>
  </datafield>
</record>
